LEADER 01666nam0 22003733i 450 001 CFI0200768 005 20231121125446.0 010 $a8813169043 100 $a20010614d1990 ||||0itac50 ba 101 | $aita 102 $ait 181 1$6z01$ai $bxxxe 182 1$6z01$an 200 1 $aDiritto comunitario diritto interno$eeffetti costituzionali e amministrativi$fVittorio Angiolini, Nicoletta Marzona$gprefazione di Giorgio Berti 210 $aPadova$cCEDAM$d1990 215 $aXIV, 101 p.$d25 cm. 225 | $aDiritto e istituzioni$v9 410 0$1001CFI0022785$12001 $aDiritto e istituzioni$v9 606 $aDiritto pubblico$2FIR$3RMLC101570$9I 606 $aDiritto interno e diritto comunitario$2FIR$3RMLC090535$9I 606 $aDiritto amministrativo e diritto comunitario$2FIR$3RMLC168141$9I 606 $aDiritto costituzionale e diritto comunitario$2FIR$3RMLC168143$9I 700 1$aAngiolini$b, Vittorio$3CFIV013532$4070$07704 701 1$aMarzona$b, Nicoletta$3CFIV013151$4070$0230717 801 3$aIT$bIT-01$c20010614 850 $aIT-RM028 $aIT-RM0418 $aIT-FR0098 899 $aBiblioteca Universitaria Alessandrina$bRM028 899 $aBIBLIOTECA ACCADEMIA NAZ. DEI LINCEI E CORSINIANA$bRM0418 $eN 899 $aBiblioteca Area Giuridico Economica$bFR0098 912 $aCFI0200768 950 0$aBiblioteca Area Giuridico Economica$d 53DSG CED14/009$e 53VM 0000217605 VM barcode:18971-10. - Inventario:2022VM$fA $h20010423$i20121204 977 $a 01$a 10$a 53 996 $aDiritto comunitario diritto interno$962867 997 $aUNICAS